00613nam a2200205Ia 4500008004100000020001900041040001400060082002200074100002000096245002700116260003800143300001600181365002800197366000800225505001900233530003000252620007100282630002700353730002700380100315s9999 xx 000 0 und d a033390 967 4  cENGLISH  b7622 a332.673  a"Mathur, B.P. " aForeign Money In India aNEW DELHI bMacmillan  c1989  a"IX,281  " eRupees d1 b120.00  f0  gJaya Nikhade  bDonated By RBI Library   a"Foreign Aid to India, American Controlled Investment in India, " aForeign Money In India aForeign Money In India